[Event "MP 2010-2011"]
[Site "?"]
[Date "2010.11.30"]
[Round "4.7"]
[White "Benes, Jaroslav"]
[Black "Glisnik, Vladimir"]
[Result "1-0"]
[WhiteElo "1644"]
[BlackElo "1692"]
[PlyCount "57"]
[EventDate "2010.10.20"]
[SourceDate "2010.12.01"]
[WhiteTeam "Slovan A"]
[BlackTeam "Dynamo DP A"]

1. e4 d6 2. d4 Nf6 3. Nc3 g6 4. f3 Bg7 5. Be3 O-O 6. Qd2 Nc6 7. h4 Nh5 8. Nge2
e5 9. d5 Na5 10. b3 b6 11. g4 Nf4 12. Nxf4 exf4 13. Bxf4 c5 14. O-O-O Qf6 15.
Kb2 a6 16. g5 Qd8 17. Kb1 b5 18. h5 Ra7 19. Bh3 Nb7 20. hxg6 fxg6 21. Be6+ Bxe6
22. dxe6 Bxc3 23. Qxc3 Rxf4 24. Qd2 Rf8 25. Rxh7 Kxh7 26. Rh1+ Kg7 27. Qc3+ Rf6
28. gxf6+ Qxf6 29. Rh7+ 1-0

[Event "MP 2010-2011"]
[Site "?"]
[Date "2010.11.30"]
[Round "4.8"]
[White "Smrek, Emil"]
[Black "Szabo, Pavel"]
[Result "1/2-1/2"]
[WhiteElo "1557"]
[BlackElo "1658"]
[PlyCount "33"]
[EventDate "2010.10.20"]
[SourceDate "2010.12.01"]
[WhiteTeam "Dynamo DP A"]
[BlackTeam "Slovan A"]

1. e4 c6 2. d4 d5 3. exd5 cxd5 4. Nc3 Nc6 5. Nf3 Nf6 6. h3 e6 7. Be2 Be7 8. O-O
O-O 9. a3 Bd7 10. Bf4 a6 11. Re1 Rc8 12. Bd3 h6 13. Ne2 Na5 14. Ne5 Nc4 15. Rb1
Nxe5 16. Bxe5 Ne8 17. Bg3 1/2-1/2

[Event "MP 2010-2011"]
[Site "?"]
[Date "2010.12.14"]
[Round "5.1"]
[White "Pohludka, Ondrej"]
[Black "Jamka, Bretislav"]
[Result "1/2-1/2"]
[WhiteElo "2100"]
[BlackElo "1922"]
[PlyCount "78"]
[EventDate "2010.10.20"]
[SourceDate "2010.12.15"]

1. e4 c5 2. Nf3 d6 3. d4 cxd4 4. Nxd4 Nf6 5. Bb5+ Nbd7 6. Nc3 a6 7. Bd3 Ne5 8.
Be2 Bd7 9. O-O g6 10. h3 Bg7 11. Be3 O-O 12. Qd2 Rc8 13. Bh6 Nc4 14. Bxc4 Bxh6
15. Qxh6 Rxc4 16. Nf3 Rc5 17. Ng5 Rxg5 18. Qxg5 Bc6 19. Qe3 Qc7 20. Rad1 Re8
21. Rd2 Nd7 22. f4 Nb6 23. b3 Rc8 24. Ne2 d5 25. f5 dxe4 26. fxg6 hxg6 27. c4
Nd7 28. Nc3 Nf6 29. g4 Qe5 30. g5 Nh5 31. Nd5 b5 32. Qc5 Rc7 33. Qe3 Rd7 34.
Rfd1 bxc4 35. bxc4 Ba4 36. Nb6 Rxd2 37. Rxd2 Bc6 38. Nd5 Bxd5 39. cxd5 Nf4
1/2-1/2

[Event "MP 2010-2011"]
[Site "?"]
[Date "2010.12.14"]
[Round "5.2"]
[White "Chliapas, Nikos"]
[Black "Vasek, Vladimir"]
[Result "0-1"]
[WhiteElo "1954"]
[BlackElo "1991"]
[PlyCount "72"]
[EventDate "2010.10.20"]
[WhiteTeam "Slovan B"]
[BlackTeam "Senov B"]

1. d4 Nf6 2. Nf3 g6 3. c4 Bg7 4. Nc3 O-O 5. e4 d6 6. g3 c5 7. Bg2 e6 8. O-O Nc6
9. h3 a6 10. Be3 cxd4 11. Nxd4 Bd7 12. Qd2 Qc7 13. Rac1 Rac8 14. Rfd1 Rfd8 15.
Ncb5 axb5 16. Nxb5 Qb8 17. Bb6 Ne8 18. b3 Bf8 19. f4 e5 20. f5 Kh8 21. Rf1 gxf5
22. exf5 f6 23. Qd5 Kg7 24. Qd1 Ne7 25. Bxd8 Rxd8 26. a4 Bc6 27. Qg4+ Kh8 28.
Rcd1 Ng7 29. Be4 d5 30. cxd5 Nxd5 31. Qh4 Be7 32. g4 Ne3 33. g5 Nxd1 34. g6 h5
35. Re1 Rd2 36. b4 Bxb4 0-1

[Event "MP 2010-2011"]
[Site "?"]
[Date "2010.12.14"]
[Round "5.3"]
[White "Kotlar, Jarmil"]
[Black "Salek, Josef"]
[Result "1-0"]
[WhiteElo "1893"]
[BlackElo "1807"]
[PlyCount "87"]
[EventDate "2010.10.20"]
[WhiteTeam "Senov B"]
[BlackTeam "Slovan B"]

1. d4 Nf6 2. Nf3 g6 3. c4 Bg7 4. Nc3 d5 5. e3 e6 6. b4 O-O 7. a4 a5 8. b5 c6 9.
Ne5 dxc4 10. bxc6 Nxc6 11. Nxc6 bxc6 12. Bxc4 Nd5 13. Nxd5 exd5 14. Be2 Re8 15.
Ba3 Ba6 16. Bxa6 Rxa6 17. O-O Bf8 18. Qc2 Bxa3 19. Rxa3 Qd6 20. Rc3 Rb8 21. Rc1
Rbb6 22. Rc5 Kf8 23. g3 Ke7 24. Qc3 Rb4 25. Qc2 h5 26. Rb1 Rxb1+ 27. Qxb1 Qc7
28. Qe1 f5 29. h4 Kd6 30. Kg2 Qb6 31. Qe2 Ra7 32. Qf3 Re7 33. Qf4+ Kd7 34. Qh6
Re6 35. Qg7+ Kd6 36. Qf8+ Re7 37. Kf3 Qb4 38. Qd8+ Rd7 39. Qf6+ Kc7 40. Qxc6+
Kd8 41. Qf6+ Re7 42. Qf8+ Kd7 43. Qc8+ Kd6 44. Qc6# 1-0

[Event "MP 2010-2011"]
[Site "?"]
[Date "2010.12.14"]
[Round "5.4"]
[White "Gavron, Ladislav"]
[Black "Petrov, Nikolaj"]
[Result "0-1"]
[WhiteElo "1779"]
[BlackElo "1903"]
[PlyCount "44"]
[EventDate "2010.10.20"]
[WhiteTeam "Slovan B"]
[BlackTeam "Senov B"]

1. e4 d6 2. d4 g6 3. Nf3 Bg7 4. Bd3 Nf6 5. O-O c6 6. h3 O-O 7. c3 Nbd7 8. Be3
e5 9. dxe5 Nxe5 10. Nxe5 dxe5 11. Qc2 Be6 12. Nd2 Qc7 13. Nb3 b6 14. a4 c5 15.
Nd2 c4 16. Be2 Rfd8 17. f4 Bh6 18. Bf3 exf4 19. Bd4 Qe7 20. e5 Nd5 21. Nxc4
Rac8 22. Qe2 Nxc3 0-1

[Event "MP 2010-2011"]
[Site "?"]
[Date "2010.12.14"]
[Round "5.5"]
[White "Omasta, Dusan"]
[Black "Bartek, Jaromir"]
[Result "1-0"]
[WhiteElo "1779"]
[BlackElo "1724"]
[PlyCount "89"]
[EventDate "2010.10.20"]
[WhiteTeam "Senov B"]
[BlackTeam "Slovan B"]

1. c4 Nf6 2. Nc3 g6 3. g3 Bg7 4. Bg2 d6 5. Nf3 Bf5 6. O-O O-O 7. Nd4 Bc8 8. Qb3
c6 9. Nc2 e5 10. d3 Qb6 11. Be3 Qxb3 12. axb3 a6 13. b4 Ng4 14. Bb6 Re8 15. Bc7
Bf8 16. Ne3 Nxe3 17. fxe3 f5 18. b5 Bd7 19. Rfb1 cxb5 20. cxb5 Be6 21. b6 Bc8
22. Nb5 Nc6 23. Nxd6 Bxd6 24. Bxd6 e4 25. Bc5 Bd7 26. Rd1 Rad8 27. dxe4 fxe4
28. Rd6 Bf5 29. Rad1 Rxd6 30. Rxd6 Rd8 31. g4 Rxd6 32. Bxd6 Bxg4 33. Bxe4 Bd7
34. Bd5+ Kg7 35. e4 Kf6 36. e5+ Kg7 37. Kf2 Bc8 38. Bxc6 bxc6 39. e6 Bb7 40. e7
Kf7 41. Kg3 a5 42. Kf4 h6 43. e4 a4 44. e5 Bc8 45. Ke4 1-0

[Event "MP 2010-2011"]
[Site "?"]
[Date "2010.12.14"]
[Round "5.6"]
[White "Hettenberger, Miroslav"]
[Black "Nespor, Ivan"]
[Result "1/2-1/2"]
[WhiteElo "1839"]
[BlackElo "1749"]
[PlyCount "77"]
[EventDate "2010.10.20"]
[WhiteTeam "Slovan B"]
[BlackTeam "Senov B"]

1. c4 Nf6 2. Nc3 g6 3. Nf3 Bg7 4. g3 O-O 5. Bg2 d6 6. O-O c6 7. d3 Bg4 8. h3
Bd7 9. Be3 Qc8 10. Kh2 Qc7 11. Qd2 Na6 12. Bh6 Nc5 13. Bxg7 Kxg7 14. Rh1 e5 15.
d4 Nce4 16. Nxe4 Nxe4 17. Qe3 f5 18. Nd2 Nf6 19. dxe5 dxe5 20. f4 exf4 21. Qxf4
Qxf4 22. gxf4 Rfe8 23. Bf3 Rad8 24. Rad1 Be6 25. b3 Rd4 26. e3 Rd3 27. Rhe1
Red8 28. Re2 Bf7 29. Kg2 h6 30. Kf2 g5 31. fxg5 hxg5 32. Ke1 Bg6 33. Kf2 g4 34.
hxg4 fxg4 35. Bg2 Kh6 36. Rh1+ Kg5 37. Nf1 Be4 38. Ng3 Bxg2 39. Kxg2 1/2-1/2

[Event "MP 2010-2011"]
[Site "?"]
[Date "2010.12.14"]
[Round "5.7"]
[White "Broskevic, Lumir"]
[Black "Szabo, Pavel"]
[Result "1-0"]
[WhiteElo "1819"]
[BlackElo "1658"]
[PlyCount "123"]
[EventDate "2010.10.20"]
[WhiteTeam "Senov B"]
[BlackTeam "Slovan B"]

1. e4 c6 2. Nc3 d5 3. d4 dxe4 4. d5 Nf6 5. Bc4 e6 6. dxe6 Qxd1+ 7. Nxd1 fxe6 8.
Bg5 h6 9. Bd2 b5 10. Bb3 Na6 11. Ne2 e5 12. h3 Nc5 13. Ndc3 Nxb3 14. axb3 Bf5
15. Be3 a6 16. g4 Bh7 17. O-O-O Be7 18. Bb6 Rc8 19. Be3 Rd8 20. Ng3 Nd5 21.
Ncxe4 Nxe3 22. Rxd8+ Kxd8 23. fxe3 Kc7 24. Rf1 Rf8 25. Rxf8 Bxf8 26. Nf5 Bxf5
27. gxf5 a5 28. Kd2 Be7 29. Kd3 c5 30. Nd2 Bf6 31. Ke4 Kd6 32. Nf3 h5 33. Nd2
Bh4 34. Nb1 Bg3 35. Nc3 b4 36. Nd5 Kc6 37. f6 gxf6 38. Nxf6 h4 39. Nh5 Bf2 40.
Kf3 Bg1 41. Ng7 Kd6 42. Kg2 Bxe3 43. Nf5+ Kd5 44. Nxe3+ Ke4 45. Nc4 Kf4 46.
Nxa5 Ke3 47. Nb7 Kd2 48. Kf3 Kxc2 49. Nxc5 Kxb2 50. Ke4 Kc2 51. Kxe5 Kc3 52.
Kd5 Kd2 53. Kc4 Ke3 54. Kxb4 Kf4 55. Nd3+ Kg3 56. Kc5 Kxh3 57. b4 Kg3 58. b5 h3
59. b6 Kf3 60. b7 h2 61. b8=Q h1=Q 62. Qb7+ 1-0

[Event "MP 2010-2011"]
[Site "?"]
[Date "2010.12.14"]
[Round "5.8"]
[White "Stefan, Ales"]
[Black "Vasek, Jaroslav"]
[Result "1/2-1/2"]
[WhiteElo "1708"]
[BlackElo "1752"]
[PlyCount "61"]
[EventDate "2010.10.20"]
[WhiteTeam "Slovan B"]
[BlackTeam "Senov B"]

1. e4 c5 2. Nf3 d6 3. d4 cxd4 4. Nxd4 Nf6 5. Nc3 a6 6. Be2 e6 7. O-O Be7 8. Kh1
b5 9. Bf3 Bb7 10. e5 Nd5 11. Nxd5 exd5 12. Nf5 O-O 13. Bxd5 Nc6 14. exd6 Bf6
15. Ne7+ Bxe7 16. dxe7 Qxe7 17. Bxc6 Bxc6 18. Be3 Qe4 19. Rg1 Rad8 20. Qe2 Rfe8
21. Rad1 h6 22. Rxd8 Rxd8 23. f3 Qe5 24. c3 Qe6 25. b3 Re8 26. Re1 f5 27. Qf2
Qd7 28. Bd4 Rxe1+ 29. Qxe1 b4 30. Qe5 bxc3 31. Bxc3 1/2-1/2

[Event "MP 2010-2011"]
[Site "?"]
[Date "2011.01.18"]
[Round "6.1"]
[White "Jamka, Bretislav"]
[Black "Petrov, Bogoljub"]
[Result "1-0"]
[WhiteElo "1922"]
[BlackElo "1858"]
[PlyCount "145"]
[EventDate "2010.10.20"]

1. Nf3 Nf6 2. g3 d5 3. Bg2 e6 4. d4 Bb4+ 5. c3 Be7 6. O-O O-O 7. c4 c6 8. Nc3
b6 9. Ne5 Ba6 10. b3 Bb7 11. e3 Nfd7 12. f4 f6 13. Nxd7 Qxd7 14. Bb2 f5 15. Rc1
Na6 16. Qe2 Nc7 17. Rfd1 Ne8 18. h3 Nf6 19. g4 g6 20. g5 Ne4 21. h4 Nxc3 22.
Bxc3 Rad8 23. Kf2 Ba3 24. Rc2 a5 25. Rh1 Rf7 26. h5 Rg7 27. c5 Qc7 28. Qd2 Ra8
29. Bf3 b5 30. Kg3 b4 31. Bb2 a4 32. Ba1 Ba6 33. Be2 Qa7 34. hxg6 hxg6 35. Qe1
Kf7 36. Rh6 Bxe2 37. Rxe2 axb3 38. axb3 Bc1 39. Bc3 bxc3 40. Qxc1 Qa6 41. Rhh2
Qa1 42. Rc2 Qxc1 43. Rxc1 Kg8 44. Rxc3 Rb7 45. Rc1 Ra3 46. Rch1 Rg7 47. Rb2 Rb7
48. Rhb1 Kf8 49. Kf3 Rh7 50. Rg1 Rh3+ 51. Rg3 Rh1 52. Rgg2 Kg7 53. Ke2 Rh3 54.
Kd2 Kf7 55. Re2 Ke7 56. Rb1 Kd7 57. Kc3 Kc7 58. Kb2 Ra8 59. Ra1 Rxa1 60. Kxa1
Kb7 61. Kb2 Ka6 62. Kc3 Kb5 63. Kd3 Ka6 64. Ra2+ Kb7 65. b4 Rh8 66. b5 cxb5 67.
Ra5 Re8 68. Rxb5+ Kc6 69. Rb6+ Kd7 70. Kc3 Rc8 71. Kb4 Rc7 72. Kb5 Rc8 73. c6+
1-0

[Event "MP 2010-2011"]
[Site "?"]
[Date "2011.01.18"]
[Round "6.2"]
[White "Klima, Vaclav"]
[Black "Cizek, Ondrej"]
[Result "1/2-1/2"]
[WhiteElo "1774"]
[BlackElo "1845"]
[PlyCount "47"]
[EventDate "2010.10.20"]

1. e4 e5 2. f4 d5 3. exd5 e4 4. Nc3 Nf6 5. d3 Bb4 6. Bd2 e3 7. Bxe3 Nxd5 8. Bd2
Bxc3 9. bxc3 Qf6 10. Qe2+ Kd8 11. O-O-O Nxc3 12. Bxc3 Qxc3 13. Qe5 Qxe5 14.
fxe5 Be6 15. a3 Ke7 16. Nf3 Nc6 17. d4 Rad8 18. Bb5 Na5 19. Rhe1 a6 20. Be2 Bc4
21. Ng5 Bxe2 22. Rxe2 h6 23. Ne4 Nc4 24. Rd3 1/2-1/2

[Event "MP 2010-2011"]
[Site "?"]
[Date "2011.01.18"]
[Round "6.3"]
[White "Chliapas, Nikos"]
[Black "Elias, Josef"]
[Result "1-0"]
[WhiteElo "1954"]
[BlackElo "1738"]
[PlyCount "41"]
[EventDate "2010.10.20"]

1. d4 f5 2. Nc3 Nf6 3. Bg5 e6 4. e4 Be7 5. exf5 exf5 6. Qd3 d5 7. f3 c6 8.
O-O-O O-O 9. h4 h6 10. Bd2 Nh5 11. Nge2 Bxh4 12. f4 g6 13. g4 Ng7 14. Qh3 g5
15. gxf5 Bxf5 16. Qh2 Nd7 17. Bh3 Qf6 18. Rdg1 Bxh3 19. Qxh3 Qf5 20. Qg2 Rf6
21. Rxh4 1-0

[Event "MP 2010-2011"]
[Site "?"]
[Date "2011.01.18"]
[Round "6.4"]
[White "Hajduk, Jan"]
[Black "Jamka, Josef"]
[Result "1/2-1/2"]
[WhiteElo "1719"]
[BlackElo "1836"]
[PlyCount "34"]
[EventDate "2010.10.20"]

1. e4 Nf6 2. e5 Nd5 3. d4 e6 4. Nf3 Be7 5. c4 Nb6 6. Nc3 d6 7. Be2 N8d7 8. exd6
cxd6 9. O-O Nf6 10. Bg5 Nbd7 11. Qc2 Nf8 12. b4 Ng6 13. Rfd1 O-O 14. Ne4 b6 15.
Nxf6+ Bxf6 16. Bxf6 Qxf6 17. c5 bxc5 1/2-1/2

[Event "MP 2010-2011"]
[Site "?"]
[Date "2011.01.18"]
[Round "6.5"]
[White "Gavron, Ladislav"]
[Black "Balon, Rene"]
[Result "0-1"]
[WhiteElo "1779"]
[BlackElo "1753"]
[PlyCount "70"]
[EventDate "2010.10.20"]

1. e4 c6 2. d4 d5 3. Nd2 dxe4 4. Nxe4 Nd7 5. Nf3 Ngf6 6. Ng3 e6 7. Bd3 Be7 8.
O-O O-O 9. h3 b6 10. c4 Bb7 11. Qc2 c5 12. Ng5 h6 13. N5e4 cxd4 14. f4 Nc5 15.
Nxc5 Bxc5 16. a3 a5 17. Bd2 Ne4 18. Nxe4 Bxe4 19. b4 Bxd3 20. Qxd3 axb4 21.
axb4 Be7 22. b5 Qc7 23. Ra6 Rxa6 24. bxa6 Ra8 25. Ra1 Qc8 26. c5 Qxc5 27. Qe4
Qc8 28. f5 Bc5 29. fxe6 fxe6 30. Bxh6 gxh6 31. Qg6+ Kf8 32. Rf1+ Ke7 33. Rf7+
Kd6 34. Qg3+ Kc6 35. a7 b5 0-1

[Event "MP 2010-2011"]
[Site "?"]
[Date "2011.01.18"]
[Round "6.6"]
[White "Randysek, Jindrich"]
[Black "Mladejovsky, Miroslav"]
[Result "1-0"]
[WhiteElo "1626"]
[BlackElo "1712"]
[PlyCount "121"]
[EventDate "2010.10.20"]

1. e4 e5 2. Nf3 Nc6 3. Be2 Nf6 4. d3 Bc5 5. O-O h6 6. c3 Bb6 7. Nbd2 O-O 8. Nc4
d6 9. Nxb6 axb6 10. b4 Be6 11. a3 Qd7 12. Ne1 d5 13. Qc2 d4 14. c4 Nxb4 15. Qb2
Nc6 16. f4 Bg4 17. f5 Qd8 18. h3 Bxe2 19. Qxe2 Kh7 20. g4 Ng8 21. Nf3 f6 22. h4
Qe8 23. Rf2 Nb4 24. g5 Nc6 25. gxh6 Nxh6 26. Bxh6 gxh6 27. Ra2 Rg8+ 28. Kh1 Qh5
29. Rh2 Qf7 30. h5 Qf8 31. Nh4 Rxa3 32. Ng6 Qb4 33. Rg2 Qb1+ 34. Kh2 Rxa2 35.
Qxa2 Qxa2 36. Rxa2 Nb4 37. Ra7 Nxd3 38. Rxb7 Rg7 39. Rb8 Rg8 40. Rb7 Rg7 41.
Nf8+ Kg8 42. Ne6 Rd7 43. Rb8+ Kf7 44. Rh8 Nc5 45. Rh7+ Kg8 46. Rxh6 Nxe6 47.
fxe6 Re7 48. Rxf6 Kg7 49. Rg6+ Kh7 50. Rf6 d3 51. Rf3 Rxe6 52. Rxd3 Rd6 53.
Rxd6 cxd6 54. Kg3 Kg7 55. Kg4 Kf6 56. h6 Kg6 57. h7 Kxh7 58. Kf5 Kh6 59. Ke6
Kg5 60. Kxd6 Kf4 61. Kd5 1-0

[Event "MP 2010-2011"]
[Site "?"]
[Date "2011.01.18"]
[Round "6.7"]
[White "Benes, Jaroslav"]
[Black "Macecek, Pavel"]
[Result "0-1"]
[WhiteElo "1644"]
[BlackElo "1781"]
[PlyCount "76"]
[EventDate "2010.10.20"]

1. e4 d6 2. d4 Nf6 3. Nc3 g6 4. f3 Bg7 5. Be3 O-O 6. Qd2 Nc6 7. h4 a6 8. O-O-O
b5 9. Bh6 Nh5 10. Bxg7 Kxg7 11. Nce2 e5 12. d5 Ne7 13. g4 Nf6 14. h5 Neg8 15.
Nh3 h6 16. g5 Nxh5 17. gxh6+ Nxh6 18. Rg1 Qh4 19. Ng5 f6 20. Ne6+ Bxe6 21. dxe6
Nf4 22. Nxf4 Qxf4 23. Qxf4 exf4 24. Bh3 Ng8 25. Rg2 Ne7 26. Rdg1 Rad8 27. Bf5
g5 28. Rh2 Rh8 29. Rgh1 Rxh2 30. Rxh2 Rh8 31. Rxh8 Kxh8 32. Kd2 Kg7 33. Bg4 c5
34. Kd3 Nc6 35. Ke2 Kf8 36. b3 Ke7 37. a4 Ne5 38. axb5 axb5 0-1

[Event "MP 2010-2011"]
[Site "?"]
[Date "2011.01.18"]
[Round "6.8"]
[White "Safarcik, Miroslav"]
[Black "Szabo, pavel"]
[Result "0-1"]
[WhiteElo "1658"]
[BlackElo "1740"]
[PlyCount "126"]
[EventDate "2010.10.20"]

1. d4 d5 2. Bg5 Nd7 3. e3 Ngf6 4. Bd3 e6 5. Nd2 Be7 6. Ngf3 c5 7. c3 O-O 8. O-O
Re8 9. Re1 c4 10. Bc2 Nf8 11. Qb1 h6 12. Bxf6 Bxf6 13. e4 b5 14. e5 Be7 15. a3
a5 16. Nf1 Bd7 17. Ng3 b4 18. Qc1 bxc3 19. bxc3 f5 20. exf6 Bxf6 21. Ne5 Bg5
22. f4 Bf6 23. Nh5 Bxe5 24. fxe5 Re7 25. Qf4 Be8 26. Qg4 Bxh5 27. Qxh5 Qe8 28.
Qxe8 Rexe8 29. Ba4 Reb8 30. Rab1 Ng6 31. g3 Nf8 32. Rb5 Rxb5 33. Bxb5 Rb8 34.
a4 Kf7 35. Kg2 Ke7 36. Rf1 Ng6 37. h4 Rf8 38. h5 Rxf1 39. Kxf1 Nh8 40. Kf2 Nf7
41. g4 Ng5 42. Ke3 Ne4 43. Bc6 Nxc3 44. g5 Ne4 45. gxh6 gxh6 46. Bb5 Nc3 47.
Bc6 Na2 48. Ke2 Nb4 49. Bb5 Nc2 50. Kd2 Nxd4 51. Ba6 Nf3+ 52. Kc3 Nxe5 53. Kd4
Kd6 54. Bb5 Nd7 55. Kc3 e5 56. Ba6 Nb6 57. Bb5 d4+ 58. Kd2 e4 59. Be8 c3+ 60.
Kc2 Nd5 61. Bg6 Nb4+ 62. Kc1 e3 63. Kd1 d3 0-1

[Event "MP 2010-2011"]
[Site "?"]
[Date "2011.02.01"]
[Round "7.1"]
[White "Jelinek, Marek"]
[Black "Jamka, Bretislav"]
[Result "1/2-1/2"]
[WhiteElo "2090"]
[BlackElo "1922"]
[PlyCount "68"]
[EventDate "2010.10.20"]

1. f4 e5 2. fxe5 Nc6 3. Nf3 d6 4. exd6 Bxd6 5. c3 Nf6 6. d4 h6 7. Qd3 O-O 8.
Nbd2 Re8 9. Nc4 Ne4 10. g3 Bf5 11. Nh4 Bh7 12. Qf3 Ng5 13. Bxg5 hxg5 14. Nf5
Qf6 15. Bh3 Rad8 16. O-O-O b5 17. Ncxd6 cxd6 18. e4 b4 19. Rhf1 bxc3 20. bxc3
Rb8 21. Rf2 Rec8 22. Kd2 Bxf5 23. Qxf5 Rb2+ 24. Ke1 Rxf2 25. Kxf2 Rb8 26. Qxf6
Rb2+ 27. Ke3 gxf6 28. Rd2 Rb1 29. Kd3 Kf8 30. Bg4 a5 31. Bd1 Ne7 32. Kc4 f5 33.
Bc2 Rb2 34. e5 d5+ 1/2-1/2

[Event "MP 2010-2011"]
[Site "?"]
[Date "2011.02.01"]
[Round "7.2"]
[White "Chliapas, Nikos"]
[Black "Psenicka, Pavel ml"]
[Result "0-1"]
[WhiteElo "1954"]
[BlackElo "1999"]
[PlyCount "108"]
[EventDate "2010.10.20"]

1. d4 Nf6 2. Nf3 g6 3. c4 Bg7 4. Nc3 O-O 5. e4 d6 6. Be2 e5 7. dxe5 dxe5 8.
Qxd8 Rxd8 9. Bg5 Re8 10. Rd1 c6 11. Rd6 Nbd7 12. O-O h6 13. Bxf6 Bxf6 14. Rfd1
Re7 15. Ne1 Kg7 16. b4 Nf8 17. b5 Rc7 18. bxc6 bxc6 19. Rb1 Ne6 20. Rd2 Nd4 21.
Bf1 Be6 22. Rbb2 Rd7 23. Nd3 Rc7 24. Nc5 Bc8 25. h3 Be7 26. N3a4 Ne6 27. Nxe6+
Bxe6 28. Rd1 f5 29. f3 fxe4 30. fxe4 h5 31. g3 Rf8 32. Kg2 g5 33. Be2 g4 34. h4
Ba3 35. Rb3 Be7 36. Rb2 Bg8 37. Rf1 Rxf1 38. Kxf1 Rd7 39. Rb3 Bh7 40. Bd3 Rd4
41. Be2 Bxe4 42. Rb7 Kf6 43. Rxa7 Bd3 44. Nb2 Be4 45. Nd1 Rd2 46. Ra6 Bc5 47.
Nc3 Bh1 48. Nd5+ Kf5 49. Rxc6 Bd4 50. Rf6+ Ke4 51. Nb4 Rb2 52. Bd3+ Ke3 53. a3
Rd2 54. Ke1 Bc3 0-1

[Event "MP 2010-2011"]
[Site "?"]
[Date "2011.02.01"]
[Round "7.3"]
[White "Bayer, Vlastimil"]
[Black "Jamka, Josef"]
[Result "0-1"]
[WhiteElo "1795"]
[BlackElo "1836"]
[PlyCount "49"]
[EventDate "2010.10.20"]

1. Nf3 Nf6 2. g3 Nc6 3. c4 e5 4. d3 d5 5. cxd5 Nxd5 6. Bg2 Bb4+ 7. Nbd2 Bg4 8.
O-O Be6 9. a3 Be7 10. b4 a6 11. Bb2 f6 12. Rc1 Nb6 13. Ne4 Qd5 14. Nc5 Bxc5 15.
Rxc5 Qa2 16. Qa1 Na4 17. Rc2 Qxa1 18. Bxa1 Bb3 19. Rd2 Rd8 20. Rb1 Bd5 21. e4
Be6 22. d4 exd4 23. Nxd4 Nxd4 24. Rxd4 Rxd4 25. Bxd4 0-1

[Event "MP 2010-2011"]
[Site "?"]
[Date "2011.02.01"]
[Round "7.4"]
[White "Gavron, Ladislav"]
[Black "Balogh, Milan"]
[Result "0-1"]
[WhiteElo "1779"]
[BlackElo "1781"]
[PlyCount "55"]
[EventDate "2010.10.20"]

1. e4 e6 2. d4 d5 3. Nd2 c5 4. Ngf3 Nc6 5. c3 cxd4 6. cxd4 dxe4 7. Nxe4 Bb4+ 8.
Bd2 Qb6 9. a3 Bxd2+ 10. Qxd2 Qd8 11. Bb5 Nge7 12. O-O O-O 13. Rad1 Qb6 14. Qg5
f5 15. Nd6 Qd8 16. Nxc8 Rxc8 17. Qe3 Qd5 18. Ba4 Na5 19. Rfe1 Rf6 20. Ng5 b5
21. Nxe6 Ng6 22. Rc1 Rxc1 23. Qxc1 Rxe6 24. Qc8+ Nf8 25. Rxe6 Qxe6 26. Qxe6+
Nxe6 27. Bxb5 Nxd4 28. Ba6 0-1

[Event "MP 2010-2011"]
[Site "?"]
[Date "2011.02.01"]
[Round "7.7"]
[White "Churova, Hana"]
[Black "Benes, Jaroslav"]
[Result "0-1"]
[WhiteElo "1487"]
[BlackElo "1644"]
[PlyCount "64"]
[EventDate "2010.10.20"]

1. Nf3 d5 2. c3 Nf6 3. d3 c5 4. Qc2 b6 5. Nbd2 Bb7 6. e4 Nbd7 7. Be2 e5 8. O-O
Be7 9. h3 O-O 10. Nh2 Qc7 11. Bf3 Rac8 12. Re1 Rfe8 13. Ndf1 dxe4 14. dxe4 c4
15. Ng3 Nc5 16. Nf5 Bf8 17. Ng4 Nxg4 18. hxg4 Nd3 19. Rd1 Bc5 20. Be3 Rcd8 21.
Bxc5 Qxc5 22. Ne3 b5 23. a3 Rd6 24. b4 Qc7 25. a4 a6 26. axb5 axb5 27. Ra5 Bc6
28. g3 Rf6 29. Kg2 Qb7 30. Nd5 Bxd5 31. exd5 e4 32. Qe2 exf3+ 0-1

[Event "MP 2010-2011"]
[Site "?"]
[Date "2011.02.01"]
[Round "7.8"]
[White "Szabo, Pavel"]
[Black "Chlapek, Ondrej"]
[Result "1-0"]
[WhiteElo "1658"]
[BlackElo "1419"]
[PlyCount "59"]
[EventDate "2010.10.20"]

1. d4 e6 2. e4 d5 3. Nd2 Nc6 4. c3 f6 5. Bd3 e5 6. exd5 Qxd5 7. Be4 Qd7 8. Qh5+
Kd8 9. Bxc6 Qxc6 10. Qf3 Qxf3 11. Ngxf3 exd4 12. Nxd4 Nh6 13. O-O Nf5 14. Nc2
h6 15. Nb3 g5 16. Be3 g4 17. Rad1+ Ke8 18. Bf4 c6 19. Rfe1+ Kf7 20. Rd8 Bg7 21.
Rxh8 Bxh8 22. a3 h5 23. Ne3 Ng7 24. Nd4 Ne6 25. Nxe6 Bxe6 26. Rd1 Bg7 27. Kf1
f5 28. Rd2 Bc8 29. Nc4 b6 30. Nd6+ 1-0

[Event "MP 2010-2011"]
[Site "?"]
[Date "2011.02.15"]
[Round "8.1"]
[White "Jamka, Bretislav"]
[Black "Stracanek, Vladimir"]
[Result "1-0"]
[WhiteElo "1922"]
[BlackElo "1916"]
[PlyCount "123"]
[EventDate "2010.10.20"]

1. Nf3 d5 2. g3 Nf6 3. Bg2 c6 4. O-O e6 5. d4 Nbd7 6. c4 Bd6 7. Nc3 O-O 8. Re1
Re8 9. b3 e5 10. cxd5 e4 11. dxc6 bxc6 12. Ng5 Bb4 13. Bd2 Bxc3 14. Bxc3 h6 15.
Nh3 Nd5 16. Bd2 N7f6 17. Rc1 e3 18. Bxe3 Bxh3 19. Bxh3 Nxe3 20. fxe3 Rxe3 21.
Qd2 Qe7 22. Bg2 Rd8 23. Bxc6 Nd5 24. Bxd5 Rxd5 25. Rc3 Re4 26. Rd3 Qf6 27. Rf1
Qb6 28. Rf4 Re7 29. Rdf3 Qb5 30. Re3 Red7 31. Re8+ Kh7 32. e3 Qc6 33. Qd3+ g6
34. Qc4 Qb7 35. Qc8 Qxc8 36. Rxc8 Ra5 37. Rc2 Kg7 38. h4 Ra6 39. Rd2 Rc6 40.
Kf2 Rc1 41. e4 Rdc7 42. d5 Rh1 43. Kg2 Rcc1 44. Rff2 Rhg1+ 45. Kh3 Rc3 46. Rg2
Re1 47. Rde2 Rh1+ 48. Kg4 h5+ 49. Kf4 f6 50. e5 Rf1+ 51. Ke4 fxe5 52. Kxe5 Rf5+
53. Kd4 Rff3 54. Ke5 Rf5+ 55. Kd6 Rd3 56. Re5 Rf6+ 57. Kc5 Rf1 58. Re7+ Kf6 59.
Rxa7 Rc1+ 60. Kd6 Rf3 61. Re2 Rxg3 62. Rf2+ 1-0

[Event "MP 2010-2011"]
[Site "?"]
[Date "2011.02.15"]
[Round "8.2"]
[White "Stracanek, Jaroslav"]
[Black "Cizek, Ondrej"]
[Result "0-1"]
[WhiteElo "1829"]
[BlackElo "1845"]
[PlyCount "96"]
[EventDate "2010.10.20"]

1. c4 e5 2. Nc3 Nc6 3. g3 g6 4. Bg2 Bg7 5. Nf3 Nge7 6. O-O O-O 7. d3 d6 8. Bg5
h6 9. Bd2 Kh7 10. a3 a5 11. Qc2 Bg4 12. e3 Qd7 13. Nb5 Qf5 14. Nh4 Qd7 15. Bc3
Nd8 16. Bd2 c6 17. Nc3 g5 18. d4+ Ng6 19. Nf3 Bxf3 20. Bxf3 exd4 21. Ne4 f5 22.
exd4 fxe4 23. Bxe4 Qf7 24. Bc3 d5 25. Bg2 dxc4 26. f4 Bf6 27. fxg5 hxg5 28.
Rad1 Ra6 29. d5 cxd5 30. Bxd5 Qg7 31. Be4 Bxc3 32. Bxg6+ Rxg6 33. bxc3 Rxf1+
34. Kxf1 Nf7 35. Kg2 Qf6 36. Rd4 Qc6+ 37. Kg1 Ne5 38. Re4 Nd3 39. Qe2 Qb6+ 40.
Kg2 Qb2 41. Re7+ Rg7 42. Re5 Qxe2+ 43. Rxe2 Kg6 44. Re4 Rc7 45. g4 Kf6 46. Kg3
b5 47. Re8 b4 48. axb4 axb4 0-1

[Event "MP 2010-2011"]
[Site "?"]
[Date "2011.02.15"]
[Round "8.3"]
[White "Jamka, Josef"]
[Black "Lukas, Dalibor"]
[Result "1/2-1/2"]
[WhiteElo "1836"]
[BlackElo "1830"]
[PlyCount "87"]
[EventDate "2010.10.20"]

1. e4 c5 2. Nf3 d6 3. d4 cxd4 4. Nxd4 Nf6 5. Nc3 e6 6. Be3 a6 7. Be2 Be7 8. O-O
Bd7 9. Qd2 Nc6 10. a3 Qc7 11. Rad1 Rd8 12. f3 b5 13. g4 h6 14. Kg2 Nxd4 15.
Qxd4 Bc6 16. Qb6 Qxb6 17. Bxb6 Rc8 18. h3 g5 19. Bd3 d5 20. Bd4 O-O 21. e5 Nd7
22. Ne2 Nc5 23. c3 Nxd3 24. Rxd3 f5 25. gxf5 exf5 26. f4 Kf7 27. Rg3 Bd7 28.
Kf3 g4+ 29. Ke3 Rg8 30. hxg4 Rxg4 31. Rxg4 fxg4 32. f5 Bg5+ 33. Kd3 Rf8 34. Bc5
Be7 35. Be3 h5 36. Nd4 a5 37. e6+ Bxe6 38. Nxe6 h4 39. Nf4 Kg7 40. f6+ Bxf6 41.
Nh5+ Kg6 42. Nf4+ Kf7 43. Bd4 Be7 44. Nxd5+ 1/2-1/2

[Event "MP 2010-2011"]
[Site "?"]
[Date "2011.02.15"]
[Round "8.4"]
[White "Strmiska, Vaclav"]
[Black "Gavron, Ladislav"]
[Result "1/2-1/2"]
[WhiteElo "1743"]
[BlackElo "1779"]
[PlyCount "56"]
[EventDate "2010.10.20"]

1. e4 e5 2. Nf3 Nc6 3. d4 exd4 4. Bc4 Be7 5. Nxd4 d6 6. Nxc6 bxc6 7. Qh5 d5 8.
exd5 Nf6 9. Qf3 cxd5 10. Bb3 O-O 11. O-O h6 12. h3 Be6 13. Bf4 Bd6 14. Nc3 Bxf4
15. Qxf4 c5 16. Rad1 Qb6 17. Nxd5 Bxd5 18. Bxd5 Nxd5 19. Rxd5 Qxb2 20. Qc4 Rac8
21. Rfd1 a5 22. c3 Qb6 23. Rd6 Rc6 24. Qd5 Rxd6 25. Qxd6 Qb2 26. Qxc5 Qxa2 27.
Qd4 Rc8 28. Qe3 Qc4 1/2-1/2